000 00468nam a22001457a 4500
005 20180108125839.0
008 180108b xxu||||| |||| 00| 0 eng d
040 _cPK-LaUMT
082 _aPKAC 297.076
_bYOU-A
100 _aYousaf Ludhyanawi , Muhammad
245 _aAap kay masail aur unka hal(آپ کے مسایل اور انکا حل)
_cMuhammad Yousaf Ludhyanawi
260 _aکراچی:
_bمکتبہ لدھیانوی،
_c1997
300 _a296 ص
942 _cBK
999 _c101448
_d101448